| 000 | 00418cam a2200169ua 4500 | ||
|---|---|---|---|
| 001 | 10616 | ||
| 008 | 190322n ii |||gr||||Z||||||eng | ||
| 020 | _a9789327230710 | ||
| 040 | _cMAIN | ||
| 082 | _a658 | ||
| 100 |
_aManish Bansal, _eAuthor. |
||
| 245 | _aRetailing management | ||
| 260 |
_aLudhiana: _bKalyani publishers, _c2016. |
||
| 653 | _aGeneral management | ||
| 700 |
_aBabita Singla, _eAuthor. |
||
| 942 | _cBK | ||
| 999 |
_c9588 _d9588 |
||